00313nam a2200121Ia 4500008004100000041000800041082001800049100001800067245004900085260002600134300002400160365000700184240624s9999 xx 000 0 und d aeng a658.31243 LYN aLYNTON ROLF P aTRAINING FOR ORGANIZATIONAL TRANSFORMATION P c2004aNew DelhibSage a307 : p. : cm. ; 22 cRS